000 00664nam a22002177a 4500
005 20150413171345.0
008 140714b xxu||||| |||| 00| 0 Urdu d
010 _aUR-8814
020 q _c150.00
035 _aU-7369
037 _bDBAD/Pub.
040 _aDPL
_bUrdu
082 _a443.8
100 _aمير زا محمد يو سف
245 _aلغا ت ا لصنا عہ لفظی
_bمير زا محمد يو سف
246 _aLughat-ul- Sanaya Lafzi
_bBy Mirza Momd. Yusuf
260 _aU.P
_bMirza Mohd Yusuf
_c1997
270 _a178/132,Gola Ganj
_bLukhnow
_eU.P
300 _a288-ص
_b22C.m.(PB)
942 _2ddc
_cUR
_h443.8
_mم ی ر
999 _c92936
_d92936